000 00726nam a2200265 i 4500
001 C2-0248694
003 PPAK
005 20180727212909.0
008 030422s2001 enka|||| ||||| | eng d
020 _a0431109222
040 _aPPAK
_beng
_cPPAK
_erda
082 0 4 _a578.4
_223
090 0 0 _a578.4
_bWAL
_dRK
100 1 _aWallace, Holly,
_eauthor
245 1 0 _aAdaptation
264 1 _aOxford :
_bHeinemann Libarry ,
_c2001
300 _a32 pages :
_bcolour illustrations ;
_c27 cm
336 _2rdacontent
_atext
337 _2rdamedia
_aunmediated
338 _2rdacarrier
_avolume
490 1 _aLiving things
650 1 0 _aAdaptation (Biology) - Juvenile literature
830 0 _aLiving things
942 _ddc
_cB
999 _c62331
_d62331